| 000 | 00568nam a2200193Ia 4500 | ||
|---|---|---|---|
| 005 | 20250508150635.0 | ||
| 008 | 008 250505s9999 xx 000 0 eng d | ||
| 037 | _aBooks to be hide in OPAC | ||
| 040 |
_aFEDL _beng _cFEDL |
||
| 041 |
_aeng _2eng |
||
| 084 |
_a001.422, ODE _qFEDL |
||
| 100 |
_aOdell Charles W _9757256 |
||
| 245 | 0 | _aStatistical method in education | |
| 260 |
_aNew York, USA _bD. Appleton-Century Company _c1935 |
||
| 300 | _axx,457p. | ||
| 650 | _aStatistical Methods | ||
| 942 |
_cHB _h001.422, ODE |
||
| 999 |
_c1324754 _d1324754 |
||